| 000 | 00745cam a2200253 a 4500 | ||
|---|---|---|---|
| 001 | 3488127 | ||
| 005 | 20250122001201.0 | ||
| 008 | 940826s1994 enk b 001 0 eng | ||
| 020 | _a1856492834 : | ||
| 020 | _a1856492842 (pbk.) : | ||
| 020 | _a8185107912 (New Delhi) | ||
| 040 |
_aDLC _cDLC _dDLC |
||
| 082 | 0 | 0 |
_a305.4 _26895 _bCOR |
| 100 | 1 | _aCorrĂȘa, S | |
| 245 | 1 | 0 |
_aPopulation and Reproductive Rights: _bFeminist Perspectives from the South |
| 260 |
_aLondon _aNew Jersey _bZed Books; _aNew Delhi _bKali for Women in association with DAWN _c1994 |
||
| 300 | _axiii, 136 p., | ||
| 650 | 0 | _aBirth control | |
| 650 | 0 | _aHuman reproduction | |
| 650 | 0 | _aAbortion | |
| 650 | 0 | _aFertility | |
| 650 | 0 | _aReproductive Rights | |
| 942 | _cL | ||
| 999 |
_c5955 _d5955 |
||